ARRUPE JESUIT UNIVERSITY

CORONAVIRUS -STOP THE SPREAD - CLEAN,DISINFECT,COVER

Cultural forces in world politics (Record no. 125394)

MARC details
000 -LEADER
fixed length control field 00476nam a22001577a 4500
005 - DATE AND TIME OF LATEST TRANSACTION
control field 20160928113731.0
008 - FIXED-LENGTH DATA ELEMENTS--GENERAL INFORMATION
fixed length control field 160928b xxu||||| |||| 00| 0 eng d
050 ## - LIBRARY OF CONGRESS CALL NUMBER
Classification number D849.M387 1990
100 ## - MAIN ENTRY--PERSONAL NAME
Personal name Mazrui, Ali A.
9 (RLIN) 25987
245 ## - TITLE STATEMENT
Title Cultural forces in world politics
Statement of responsibility, etc by Mazrui, Ali A.
260 ## - PUBLICATION, DISTRIBUTION, ETC. (IMPRINT)
Place of publication, distribution, etc London
Name of publisher, distributor, etc James Currey
Date of publication, distribution, etc 1990
300 ## - PHYSICAL DESCRIPTION
Extent x, 262p.;
Dimensions 24cm.
650 ## - SUBJECT ADDED ENTRY--TOPICAL TERM
Topical term or geographic name as entry element World politics
Chronological subdivision 1945--
9 (RLIN) 26332
650 ## - SUBJECT ADDED ENTRY--TOPICAL TERM
Topical term or geographic name as entry element Politics and culture
9 (RLIN) 651
942 ## - ADDED ENTRY ELEMENTS (KOHA)
Source of classification or shelving scheme Library of Congress Classification
Item type Monograph ( Printed materials)
Holdings
Withdrawn status Lost status Source of classification or shelving scheme Damaged status Not for loan Collection code Home library Current library Shelving location Date acquired Total Checkouts Full call number Barcode Date last seen Price effective from Koha item type
    Library of Congress Classification     Main Collection ARRUPE LIBRARY ARRUPE LIBRARY Main Collection 28/09/2016   D849.M387 1990 46500010048 28/09/2016 28/09/2016 Monograph ( Printed materials)

 

Arrupe Library. PO Box MP320 Mt Pleasant, Harare, Zimbabwe
263 242 745411|librarian@aju.ac.zw